|
|
|
|
| LEADER |
00957nam a2200253 a 4500 |
| 001 |
c000300001 |
| 003 |
CARM |
| 005 |
20061111040630.0 |
| 008 |
691201s1969 ilu 00110 eng |
| 019 |
1 |
|
|a 47029
|z 9701110
|z 54026932
|z 57406271
|z 62189921
|5 LACONCORD2021
|
| 035 |
|
|
|a (OCoLC)44542
|5 LACONCORD2021
|
| 040 |
|
|
|d XNTU
|
| 050 |
0 |
0 |
|a H61
|b .M485
|
| 082 |
0 |
4 |
|a 300/.1
|2 20
|
| 100 |
1 |
|
|a Meehan, Eugene J.
|
| 245 |
1 |
0 |
|a Value judgment and social science :
|b structures and processes /
|c Eugene J. Meehan.
|
| 260 |
|
|
|a Homewood, Ill.,
|b Dorsey Press,
|c 1969.
|
| 300 |
|
|
|a xi, 159 p. ;
|c 21 cm.
|
| 490 |
0 |
|
|a The Dorsey series in political science
|
| 500 |
|
|
|a Includes index.
|
| 650 |
|
0 |
|a Social sciences
|x Methodology.
|
| 852 |
8 |
|
|b CARM
|h A3:AD25B0
|i B11355
|p 0550048
|f BK
|
| 999 |
f |
f |
|i ceea620d-5ebb-5e7e-a228-132c7f946b8a
|s d987e812-ba8c-51e3-a2f5-1507be97f6f0
|
| 952 |
f |
f |
|p Can circulate
|a CAVAL
|b CAVAL
|c CAVAL
|d CARM 1 Store
|e B11355
|f A3:AD25B0
|h Other scheme
|i book
|m 0550048
|